Fundamentos de termodin mica / Octave Levenspiel (Registro nro. 18826)
[ vista simple ]
| 000 -LÍDER | |
|---|---|
| fixed length control field | 00420nam a2200145 4500 |
| 008 - ELEMENTOS DE LONGITUD FIJA -- INFORMACIÓN GENERAL | |
| fixed length control field | 0 1997 0a 000 0Mex |
| 020 ## - NÚMERO INTERNACIONAL NORMALIZADO PARA LIBROS | |
| ISBN | 968-880-942-X |
| 050 ## - SIGNATURA TOPOGRAFICA DE LA BIBLIOTECA DEL CONGRESO (LC) | |
| Número de Clasificación | TJ265 L39518 1997 |
| 082 ## - NUMERO DE CLASIFICACION DECIMAL DEWEY | |
| Número de Clasificación | 621.402 L176f |
| 100 ## - ASIENTO PRINCIPAL--NOMBRE PERSONAL | |
| Nombre personal | Levenspiel, Octave |
| 245 ## - TÍTULO | |
| Título | Fundamentos de termodin mica / Octave Levenspiel |
| 260 ## - PUBLICACIÓN, DISTRIBUCIÓN, ETC. (PIE DE IMPRENTA) | |
| Lugar de publicación, distribución, etc. | México : Prentice - Hall |
| 300 ## - DESCRIPCIÓN FÍSICA | |
| Extensión | xiv, 362 p. / 23 cm. |
| 650 ## - ASIENTO SECUNDARIO DE MATERIA - TERMINO TEMÁTICO | |
| Término temático o nombre geográfico como elemento de entrada | 1.TERMODINAMICA |
| No. biblioteca | No. biblioteca | Número de clasificación | Código de barras/Número de adquisición | Número de copia | Tipo de material |
|---|---|---|---|---|---|
| LUIS G. INCLAN | LUIS G. INCLAN | 621.402 L176f | 45606 | 1 | Libros |
| LUIS G. INCLAN | LUIS G. INCLAN | 621.402 L176f | 45607 | 2 | Libros |
